00922nam a2200217 a 450000100100000000500170001000800410002702000150006804000250008310000450010824500800015326000280023330000210026149000640028250000210034650400730036771000710044083000710051195201050058299900170068700004196520201002035846.0131025s1984 sp 000 0 spa d a840005914X aDO-SdBNPbspacBNPHU1 aGomez Pérez, María del Carmen96888910aPedro de Heredia y Cartagena de Indias /cMaría del Carmen Gomez Pérez. aSevilla :bCSIC,c1984. a460 p. ;c25 cm.1 aPublicaciones de Escuela Hispano-Americanos de Sevillav302 aIncluye índice aIncluye referencias bibliográficas y notas al pie de las páginas2 aConsejo Superior de Investigaciones Científicas(España)967719 0aPublicaciones de Escuela Hispano-Americanos de Sevillav302968890 001050718MOaGRbGRcCTd2013-10-25iLF1l0o p41965-10r2020-06-25w2020-06-25y1ZNo se presta c41454d41454